MARC

LEADER 00000nam0a2200000 4500
001 307523
005 20231102002013.0
035 |a (RuTPU)RU\TPU\book\332816 
090 |a 307523 
100 |a 20151021d1981 k y0rusy50 ca 
101 0 |a rus 
102 |a RU 
105 |a a z 001zy 
200 1 |a Палинология плейстоцена и голоцена  |e межвузовский сборник  |f СССР, Министерство высшего и среднего специального образования, Головной совет по географическим наукам ; под ред. Ю. П. Селиверстова 
210 |a Ленинград  |c Изд-во Ленинградского ун-та  |d 1981 
215 |a 168 с.  |c ил. 
320 |a Библиография в конце статей 
606 1 |a Палеопалинология  |2 stltpush  |3 (RuTPU)RU\TPU\subj\48025  |9 66907 
610 1 |a палинология 
610 1 |a плейстоцен 
610 1 |a голоцен 
610 1 |a четвертичный период 
610 1 |a четвертичные отложения 
610 1 |a споры 
610 1 |a пыльца 
610 1 |a ландшафтная реконструкция 
610 1 |a стратиграфия 
675 |a 561  |v 4 
702 1 |a Селиверстов  |b Ю. П.  |4 340 
712 0 1 |a СССР  |b Министерство высшего и среднего специального образования  |b Головной совет по географическим наукам  |c (1959-1988)  |2 stltpush  |3 (RuTPU)RU\TPU\col\13746 
801 1 |a RU  |b 63413507  |c 20151021 
801 2 |a RU  |b 63413507  |c 20160705  |g RCR 
942 |c BK